Biggest City in Each U.S. State by Decade - Statistics

General Stats
  • This quiz has been taken 2,631 times
  • The average score is 65 of 99
Answer Stats
State City % Correct
California Los Angeles
97%
Florida Miami
96%
California San Francisco
95%
Georgia Atlanta
94%
Massachusetts Boston
94%
Illinois Chicago
94%
Colorado Denver
94%
Mississippi Jackson
94%
Indiana Indianapolis
93%
Arizona Phoenix
93%
Maine Portland
93%
Oregon Portland
93%
Alaska Anchorage
92%
Michigan Detroit
92%
Florida Jacksonville
92%
Kansas Kansas City
92%
Missouri Kansas City
92%
Louisiana New Orleans
92%
New York New York City
92%
Pennsylvania Philadelphia
92%
Texas Dallas
90%
Texas Houston
90%
Washington Seattle
90%
Minnesota Minneapolis
89%
Tennessee Nashville
89%
Hawaii Honolulu
88%
Nevada Las Vegas
88%
Missouri St. Louis
88%
Maryland Baltimore
87%
Alabama Birmingham
87%
Ohio Cleveland
87%
Ohio Columbus
87%
Wisconsin Milwaukee
87%
Oklahoma Oklahoma City
87%
Idaho Boise
86%
North Carolina Charlotte
86%
Arkansas Little Rock
86%
Kentucky Louisville
86%
Tennessee Memphis
86%
Ohio Cincinnati
85%
Utah Salt Lake City
85%
New Mexico Albuquerque
84%
Iowa Des Moines
84%
Virginia Richmond
84%
Rhode Island Providence
83%
Texas San Antonio
83%
Nebraska Omaha
82%
South Carolina Charleston
81%
West Virginia Charleston
81%
Connecticut Hartford
81%
New Jersey Newark
81%
Minnesota Saint Paul
80%
Georgia Savannah
80%
Wyoming Cheyenne
78%
Alabama Mobile
78%
Nevada Reno
78%
Virginia Virginia Beach
76%
South Dakota Sioux Falls
72%
North Dakota Fargo
71%
Montana Helena
71%
Connecticut New Haven
71%
Kansas Wichita
71%
Delaware Wilmington
70%
North Carolina Wilmington
70%
Montana Billings
69%
Kentucky Lexington
68%
Iowa Burlington
63%
Vermont Burlington
63%
South Carolina Columbia
63%
New Hampshire Manchester
61%
Alabama Huntsville
58%
Connecticut Bridgeport
57%
Virginia Norfolk
56%
Tennessee Knoxville
49%
Rhode Island Newport
42%
Iowa Davenport
36%
Texas Galveston
33%
Indiana Evansville
32%
West Virginia Wheeling
31%
West Virginia Huntington
30%
Florida Pensacola
30%
New Hampshire Portsmouth
28%
Mississippi Vicksburg
24%
Florida Key West
23%
Iowa Dubuque
21%
Vermont Rutland
14%
Mississippi Natchez
13%
Mississippi Meridian
11%
Connecticut Norwalk
10%
North Carolina New Bern
9%
Nevada Virginia City
8%
Kansas Leavenworth
7%
Indiana New Albany
4%
Vermont Windsor
3%
New Jersey Amwell
1%
North Carolina Edenton
1%
New Jersey Evesham
1%
Vermont Guilford
1%
Connecticut Stonington
1%
No matching quizzes found
Score Distribution
Percent of People with Each Score
Percentile by Number Answered
Your Score History
You have not taken this quiz